000 02683nam a22004337a 4500
003 BO-EaUP
005 20260504151105.0
008 260504b2022 ck ad|||ri||| 00| 0 spa d
020 _a978-958-503-384-9
040 _aBO-EaUP
_cBiblioadmiempresas
_eRDA
_bspa
041 _aspa
_hspa
043 _as-ck
082 _221
_a658.5
092 _a658.5
_SS5874
100 _aSilvera Escudero, Rodolfo Enrique
_eAutor
_955
245 1 0 _aCiclos logísticos : planeación y estrategia en la cadena de suministro /
_cRodolfo Silvera E.
250 _aPrimera edición
260 _aBogotá :
_bEcoe Edicones,
_c2022
300 _axxvi, 184 páginas ;
_bIlustraciones, cuadros, gráficos.-- (Ciencias empresariales. Logística) ;
_c17 x 24 centímetros ;
_fRústico
336 _2rdacontenido
_atexto
_btxt
337 _2rdamedia
_ano mediado
_bn
338 _avolumen
_bnc
_2rdacarrier
505 2 _aCAPÍTULOS 1. Ciclos del abastecimientos de las mercancías.-
505 2 _aCAPÍTULOS 2. Ciclos del inventario de mercancías.-
505 2 _aCAPÍTULOS 3. Ciclos de almacenamiento de mercancías.-
505 2 _aCAPÍTULOS 4. Ciclos de transporte de las mercancías.-
505 2 _aCAPÍTULOS 5. Ciclos de las exportaciones de las mercancías.-
505 2 _aCAPÍTULOS 6. Ciclos de la importaciones de mercancías.-
505 2 _aCAPÍTULOS 7. Estudio de casos de la administración de la cadena de suministro general y global.-
505 2 _aCAPÍTULOS 8. Ejercicios generales aplicados a los procesos logísticos estadísticos.-
520 _aEn Ciclos logísticos se describen en forma sistemática todos los ciclos de los procesos de la cadena de suministro, haciendo un aporte importante al conocimiento de innovación en los diferentes eslabones como: abastecimiento, almacenamiento, inventarios, transporte y distribución de las mercancías. De igual forma, abarca temas importantes de los ciclos de la logística internacional como los procesos de exportación e importación.
521 _aDirigido a estudiantes de Administración de Empresas, Administración Logística, Ingeniería Industrial, Economía y Administración de Negocios Internacionales. Asimismo, a estudiantes tecnólogos en Gestión Logística, coordinadores de procesos logísticos, distribución física, comercio internacional, Especialización Tecnológica en Gestión Económica de la Logística Internacional y en Logística Internacional.
650 _aLOGÍSTICA EMPRESARIAL
_91651
650 _aOPERACIONES Y PROYECTOS
_95926
653 _aADMINISTRACIÓN DE MATERIALES
653 _aCADENA DE ABASTECIMIENTOS
653 _aGESTIÓN DE ALMACENES
942 _2ddc
_cBK
_n0
_e21
999 _c5509
_d5509